| 000 | 00440nam a22001817a 4500 | ||
|---|---|---|---|
| 003 | OSt | ||
| 005 | 20211101161856.0 | ||
| 008 | 211101b |||||||| |||| 00| 0 eng d | ||
| 020 | _a8120414926 | ||
| 040 | _cHAWASSA UNIVERSITY | ||
| 050 |
_a636.085/RED _b4 |
||
| 082 |
_a636.085/RED _b4 |
||
| 100 |
_aREDDY D.V. _916502 |
||
| 245 | _aAPPLIED NUTRITION | ||
| 260 |
_aNEW DELHI _bPVT.LTD _c2001 |
||
| 300 | _axix/300 | ||
| 942 |
_2ddc _cBOOKS _n0 |
||
| 999 |
_c16166 _d16166 |
||